[...] Opervm Aristotelis Stagiritae Philosophorum omnium longe principis noua editio, Graece & Latine Tomvs I.

Bibliographic Details
Main Author: Aristoteles, 384 pred Kr.-322 pred Kr (Author)
Corporate Author: Laimarie, Guillaume de (Ženeva, Švajčiarsko) (Printer)
Other Authors: Laimarie, Guillaume de, 1533-1598 (Printer)
Format: Book
Language:Latin
PhysicalDescription:[16], 1517, [37] s. 20 cm
Published: Geneve Excvdebat Guillelmus Laemarius M.D.XCVII. [=1597]
Subjects:

MARC

LEADER 00000nam a2200000 a 4500
001 vtls011598669
003 SK-MaSNL
005 20260301140409.0
008 251112s1597 sz f 001 0 lat
015 |a SNBHFA1597 
035 |a urn:nbn:sk:snk-am00cry2 
035 |a urn:nbn:sk:snk-am3hajz 
035 |a D6DBD60A-405A-4F4C-A1F7-5436800BC044 
040 |a SNKHF  |b slo  |c SNK  |e AACR2 
041 0 |a lat 
044 |a sz  |c CH 
072 7 |a 101  |x Filozofia  |2 konspekt 
080 |a 101  |2 2011 
080 |a 14(37/38)  |2 2011 
100 0 |a Aristoteles,  |d 384 pred Kr.-322 pred Kr  |4 aut  |9 186400 
245 1 0 |a [...] Opervm Aristotelis Stagiritae Philosophorum omnium longe principis noua editio, Graece & Latine  |n Tomvs I. 
260 |a Geneve  |b Excvdebat Guillelmus Laemarius  |c M.D.XCVII. [=1597] 
300 |a [16], 1517, [37] s.  |c 20 cm 
500 |a Titulný list je v portálovom ráme 
500 |a Živé záhlavie, kustódy, vinety, iniciálky na 8 riadkov tlačené s pozadím, text tlačený v 2 stĺpcoch 
510 4 |a GLN 3909 
546 |a Latinčina  |a Gréčtina  |b Antikva  |b Kurzíva 
561 |a Z knižnice Učenej spoločnosti malohontskej.  |5 SNK ID 99651/1 
561 |a Na prvej strane rukopisný provenienčný záznam: Comparavit Matthias Holko junior Wittebergae A. 1783.  |5 SNK ID 99651/1 
561 |a Na druhej strane rukopisný záznam: Donum Viri Clariss. Jo. Aug. Ernesti.  |5 SNK ID 99651/1 
561 |a Na druhej strane rukopisný záznam: Ge. Frid. Baermann. Lipsiae 1740.  |5 SNK ID 99651/1 
561 |a Proveniencia: Komáromi sz. Ben. - rendi székház könyvtára. - Georg Ónodi.  |5 SNK ID 99651/1 D1 
562 |a Na prídoští latinský rukopisný záznam.  |5 SNK ID 99651/1 
562 |a Na chrbte rukopisný názov: Aristotelis Stagirotae Opera Graeco-Latin. Tomus I. I.D.f.2.  |5 SNK ID 99651/1 
563 |a Väzba: pergamenová.  |5 SNK ID 99651/1 
563 |a Väzba: žltá koža, poškodená, stopy po kožených šnúrkach.  |5 SNK ID 99651/1 D1 
600 0 7 |a Aristoteles,  |d 384 pred Kr.-322 pred Kr  |2 SNKPH  |9 186400 
650 0 7 |a antická filozofia  |2 SNKPH  |9 16861 
700 1 |a Holko, Matej,  |d 1757-1832  |4 fmo  |9 6809 
700 1 |a Ernesti, Johann August,  |d 1707-1781  |4 dnr  |9 311567 
700 1 |a Bärmann, Georg Friedrich,  |d 1717-1769  |4 fmo  |9 493026 
700 1 |a Laimarie, Guillaume de,  |d 1533-1598  |4 prt  |9 72230 
700 1 |a Ónodi, Georg  |4 fmo  |9 493027 
710 0 |a Laimarie, Guillaume de (Ženeva, Švajčiarsko),  |d 1578-1598  |4 prt  |9 165349 
710 1 |a Učená spoločnosť malohontská  |4 fmo  |9 205374 
752 |a Švajčiarsko  |d Ženeva 
852 |a snk  |b Historické fondy  |p ID 99651/1 
852 |a snk  |b Historické fondy  |p ID 99651/1 D1 
958 |a ONDV 
999 |c 763528  |d 765458 
952 |t Tlače 16. storočia  |a SNK  |b SNK  |c SNK_HF  |y PREZ  |7 0  |p 17A1489252  |o snkID 99651/1 D1  |i snk2025/5109  |8 5  |0 0  |1 0  |4 0  |d 2025-03-20  |l 0  |r 2026-02-24 00:11:27  |w 2026-02-24 
952 |t MHC I.D.f.2  |a SNK  |b SNK  |c SNK_HF  |y PREZ  |7 0  |p 17A1129677  |o snkID 99651/1  |i snk2016/28440  |8 5  |0 0  |1 0  |4 0  |d 2016-12-09  |f 1  |l 0  |r 2026-02-24 00:11:27  |w 2026-02-24